000 00657nam a2200181Ia 4500
008 100921s9999 xx 000 0 und d
082 _b19155
_a808.068 थ 84
100 _aभागवत भा.रा.
245 _aबोला बोला मुंछासेन.
260 _bशकुन प्रकाशन, पुणे.
_c1984
300 _a87
_b---
365 _b10
520 _aललित-बालवाङ्रमय.
630 _aबोला बोला मुंछासेन.
650 _aललित-बालवाङ्रमय.
730 _aबोला बोला मुंछासेन.
942 _cBOOK
999 _c768268
_d768265